[Event "Sparkassen-Open B"]
[Site "Heusenstamm, Martinsee"]
[Date "2023.11.23"]
[Round "1.27"]
[White "Stehning, Michel"]
[Black "Stojanoski, Stefan"]
[Result "1-0"]
[WhiteElo "1571"]
[BlackElo "1354"]
[PlyCount "39"]
[EventDate "2023.??.??"]
[WhiteTeam "SF Braunfels"]
[BlackTeam "SAbt TuS Makkabi Ffm"]

1. d4 d5 2. Bf4 c5 3. e3 Nc6 4. c3 Nf6 5. Bd3 e6 6. Nf3 Be7 7. Nbd2 O-O 8. Ne5 Nxe5 9. dxe5 Nd7 10. h4 f6 11. Qh5 g6 12. Bxg6 hxg6 13. Qxg6+ Kh8 14. Bh6 Rg8 15. Qh5 Re8 16. Rh3 Nxe5 17. Rg3 Ng6 18. Bf8+ Kg8 19. Qxg6+ Kxf8 20. Qg7# 1-0

[Event "Sparkassen-Open B"]
[Site "Heusenstamm, Martinsee"]
[Date "2023.11.23"]
[Round "1.28"]
[White "Heidtkamp, Anna"]
[Black "Burow, Roger"]
[Result "0-1"]
[WhiteElo "1267"]
[BlackElo "1570"]
[PlyCount "44"]
[EventDate "2023.??.??"]
[WhiteTeam "Düsseldorfer SV 1854"]
[BlackTeam "SV 1920 Kelsterbach"]

1. e4 e5 2. Nf3 Nc6 3. Bc4 f5 4. d3 Nf6 5. Ng5 Bc5 6. Nf7 Bxf2+ 7. Kf1 Qe7 8. h3 Bb6 9. Nxh8 f4 10. Nc3 Qc5 11. Qd2 Nd4 12. Na4 Qc6 13. Nxb6 Qxb6 14. Nf7 Nh5 15. Ke1 Ng3 16. Rh2 d6 17. Qf2 Nxc2+ 18. Qxc2 Qg1+ 19. Kd2 Qxh2 20. Qa4+ Bd7 21. Qb3 Qxg2+ 22. Kc3 Ne2+ 0-1

[Event "Sparkassen-Open B"]
[Site "Heusenstamm, Martinsee"]
[Date "2023.11.23"]
[Round "1.29"]
[White "Barsov, Mikhail"]
[Black "Samy A S, Anthoni"]
[Result "1-0"]
[WhiteElo "1405"]
[BlackElo "1329"]
[PlyCount "125"]
[EventDate "2023.??.??"]
[WhiteTeam "SK Gräfelfing"]
[BlackTeam "SC Eschborn 1974"]

1. c4 e5 2. Nc3 Bc5 3. g3 Nf6 4. Bg2 d6 5. e3 Nc6 6. Nge2 Bg4 7. h3 Bh5 8. O-O O-O 9. g4 Bg6 10. d4 Bb6 11. a3 a6 12. b4 e4 13. Nf4 Re8 14. Nxg6 hxg6 15. Bb2 Qe7 16. Qc2 g5 17. Rad1 Rad8 18. d5 Nb8 19. a4 c6 20. Ba3 c5 21. bxc5 dxc5 22. Ne2 Qe5 23. Bb2 Qd6 24. Ng3 Bc7 25. Bxf6 gxf6 26. Bxe4 Re7 27. Bg2 a5 28. Qb3 b6 29. f4 Ree8 30. Nf5 Qf8 31. d6 Bxd6 32. Qxb6 Re6 33. Qxa5 Nc6 34. Bxc6 gxf4 35. Bd5 Ree8 36. exf4 Re2 37. Nh6+ Qxh6 38. Qxd8+ Bf8 39. Bg2 Kg7 40. g5 fxg5 41. Qxg5+ Qxg5 42. fxg5 Rc2 43. Bd5 Bd6 44. Rxf7+ Kg6 45. Rf6+ Kxg5 46. Rxd6 Ra2 47. Ra6 Ra3 48. Kg2 Kh4 49. a5 Ra2+ 50. Kf1 Kxh3 51. Rh6+ Kg3 52. a6 Rf2+ 53. Ke1 Ra2 54. Rd2 Ra3 55. Ke2 Kf4 56. Bb7 Re3+ 57. Kd1 Rc3 58. a7 Kg5 59. a8=Q Kxh6 60. Qh8+ Kg5 61. Qg7+ Kf4 62. Qf6+ Ke3 63. Qf3# 1-0

[Event "Sparkassen-Open B"]
[Site "Heusenstamm, Martinsee"]
[Date "2023.11.23"]
[Round "1.30"]
[White "Vinogradov, Roman"]
[Black "Müller, Jens"]
[Result "0-1"]
[WhiteElo "1306"]
[BlackElo "1497"]
[PlyCount "46"]
[EventDate "2023.??.??"]
[WhiteTeam "SV 1947 Walldorf"]
[BlackTeam "SV 1920 Hofheim"]

1. e4 d5 2. exd5 Qxd5 3. Nc3 Qa5 4. Nge2 Nf6 5. d3 Bf5 6. g3 c6 7. Bd2 Qc7 8. Bg2 Nbd7 9. O-O e5 10. Re1 O-O-O 11. a3 h5 12. b4 h4 13. Bg5 hxg3 14. hxg3 Be7 15. d4 Rh5 16. Bh4 g5 17. Bxg5 Rxg5 18. Qd2 Rh5 19. Bf3 Bg4 20. Kg2 Bxf3+ 21. Kxf3 e4+ 22. Nxe4 Ne5+ 23. Ke3 Nc4+ 0-1

[Event "Sparkassen-Open B"]
[Site "Heusenstamm, Martinsee"]
[Date "2023.11.23"]
[Round "1.31"]
[White "Traut, Stefan"]
[Black "Weyerer, Elea"]
[Result "1-0"]
[WhiteElo "1557"]
[BlackElo "1305"]
[PlyCount "121"]
[EventDate "2023.??.??"]
[WhiteTeam "SF Heusenstamm"]
[BlackTeam "SV Oberursel"]

1. d4 d5 2. Nf3 Nf6 3. c4 e6 4. g3 c6 5. Qc2 Bd6 6. Nbd2 O-O 7. Bg2 Re8 8. O-O e5 9. dxe5 Bxe5 10. Nxe5 Rxe5 11. Nf3 Rh5 12. Rd1 Qe8 13. Bf4 Bf5 14. Qd2 dxc4 15. Qd8 Na6 16. Qxe8+ Rxe8 17. Rd2 Be6 18. Rad1 Rd5 19. Ne5 Rxd2 20. Rxd2 Bd5 21. f3 h6 22. h4 Nh5 23. e4 Nxf4 24. gxf4 Be6 25. Bf1 f6 26. Nxc4 f5 27. e5 Bd5 28. Kf2 Nc5 29. b3 Re6 30. Nd6 b5 31. Nxf5 g5 32. Ne3 Be4 33. Rd8+ Kf7 34. fxe4 gxf4 35. Ng4 Nxe4+ 36. Kf3 Ng3 37. Bd3 Nh5 38. Rd7+ Kf8 39. Bf5 Re8 40. Bg6 Re6 41. Bxh5 a5 42. Kxf4 a4 43. bxa4 bxa4 44. Rd6 Ke7 45. Rxe6+ Kxe6 46. Ke4 c5 47. Nxh6 c4 48. Ng4 c3 49. Kd3 c2 50. Kxc2 a3 51. Kb3 Kf5 52. Kxa3 Ke6 53. Kb4 Ke7 54. a4 Kf8 55. a5 Ke7 56. a6 Kf8 57. a7 Kg7 58. a8=Q Kh7 59. Qb7+ Kg8 60. Nf6+ Kh8 61. Qh7# 1-0

[Event "Sparkassen-Open B"]
[Site "Heusenstamm, Martinsee"]
[Date "2023.11.23"]
[Round "1.32"]
[White "Shymanskyi, Illia"]
[Black "Kuchta, Maksim"]
[Result "0-1"]
[WhiteElo "1301"]
[BlackElo "1415"]
[PlyCount "144"]
[EventDate "2023.??.??"]
[WhiteTeam "SC Steinbach"]
[BlackTeam "SC Heusenstamm"]

1. e4 c5 2. Nf3 Nc6 3. d4 cxd4 4. Nxd4 e5 5. Nf3 Nf6 6. Nc3 Bb4 7. Bg5 O-O 8. Bc4 d6 9. O-O Be6 10. Qd3 Bxc3 11. bxc3 d5 12. Bxf6 dxc4 13. Qxd8 Nxd8 14. Bxe5 Re8 15. Rfe1 Bg4 16. Bd4 Nc6 17. Rab1 b6 18. h3 Bh5 19. Nh4 Rad8 20. g4 Bg6 21. Nxg6 Nxd4 22. cxd4 hxg6 23. c3 Kf8 24. Rb4 Rc8 25. f3 Ke7 26. Ra4 Rc7 27. Rb1 g5 28. Rbb4 Rec8 29. Rb5 f6 30. e5 Ke6 31. exf6 gxf6 32. Rf5 Rd8 33. Rb4 Rd5 34. Rxd5 Kxd5 35. Rb5+ Ke6 36. Kf2 Rb7 37. Rb4 b5 38. a4 a6 39. a5 Kd5 40. Ke3 Rh7 41. Rb2 Rxh3 42. Rc2 Rh1 43. Ra2 Rd1 44. Ke2 Rd3 45. Rc2 b4 46. cxb4 Kxd4 47. Ra2 Rb3 48. Rd2+ Ke5 49. Rd7 Rxb4 50. Ra7 Kf4 51. Rxa6 Rb2+ 52. Kd1 Kxf3 53. Rxf6+ Kxg4 54. a6 Ra2 55. Rc6 Kf3 56. Rf6+ Ke4 57. Rc6 Kd3 58. Rd6+ Kc3 59. Rg6 Ra1+ 60. Ke2 Kc2 61. Rxg5 Rxa6 62. Rc5 c3 63. Ke3 Rb6 64. Kd4 Rb4+ 65. Ke3 Kb2 66. Kd3 Rb3 67. Ke2 Kb1 68. Kd1 Kb2 69. Ke2 Kc1 70. Kd3 c2+ 71. Ke2 Kb1 72. Kd2 Rb2 0-1

[Event "Sparkassen-Open B"]
[Site "Heusenstamm, Martinsee"]
[Date "2023.11.23"]
[Round "1.33"]
[White "Heller, Holger"]
[Black "Pishnograev, Ilya"]
[Result "0-1"]
[WhiteElo "1547"]
[BlackElo "1300"]
[PlyCount "78"]
[EventDate "2023.??.??"]
[WhiteTeam "SAbt TuS Dotzheim"]
[BlackTeam "SK Bad Homburg 1927"]

1. d4 Nf6 2. c4 e6 3. Nc3 Bb4 4. a3 Bxc3+ 5. bxc3 O-O 6. Bg5 h6 7. Bh4 d5 8. e3 Re8 9. Nf3 Nbd7 10. cxd5 exd5 11. Bb5 c6 12. Bd3 c5 13. O-O c4 14. Bc2 Qc7 15. Bg3 Qc6 16. Nd2 Ne4 17. Nxe4 dxe4 18. f3 Nf6 19. Be5 Nd5 20. Bxe4 f5 21. Bxd5+ Qxd5 22. Qe1 Bd7 23. e4 Qf7 24. Qg3 Rac8 25. Bf4 g5 26. e5 Kh7 27. Bd2 f4 28. Qe1 Bf5 29. Qc1 Bd3 30. Re1 Rc6 31. Ra2 Rb6 32. Rb2 Rb3 33. h4 Qh5 34. hxg5 hxg5 35. Kf2 Qh4+ 36. Kg1 Kg6 37. Bxf4 Rxb2 38. Bxg5 Qf2+ 39. Kh1 Qxg2# 0-1

[Event "Sparkassen-Open B"]
[Site "Heusenstamm, Martinsee"]
[Date "2023.11.23"]
[Round "1.34"]
[White "Barth, Horst"]
[Black "Kluge, Joscha"]
[Result "1-0"]
[WhiteElo "1261"]
[BlackElo "1547"]
[PlyCount "79"]
[EventDate "2023.??.??"]
[WhiteTeam "Sfr.Mainz 1928"]
[BlackTeam "SC Bergen-Enkheim 1922"]

1. d4 d6 2. c4 Nf6 3. Nc3 g6 4. e4 Bg7 5. Be2 O-O 6. Bg5 c5 7. d5 Nbd7 8. f4 Qa5 9. Qd2 Nb6 10. h3 Bd7 11. Nf3 Kh8 12. g4 Na4 13. e5 dxe5 14. fxe5 Ng8 15. Rc1 f6 16. e6 fxg5 17. exd7 Rad8 18. Nxg5 Rxd7 19. Nxa4 Qxa4 20. Ne6 Rc8 21. Nxg7 Kxg7 22. Qc3+ Nf6 23. g5 Qxa2 24. gxf6+ exf6 25. Bg4 Re8+ 26. Kd2 Rd6 27. Be6 Rexe6 28. Rhe1 Rxe1 29. Rxe1 Kf7 30. Kc2 Qa4+ 31. Kb1 Qd7 32. Qd2 Qxh3 33. Qe2 Qd7 34. Qe3 b6 35. Qh6 Kg8 36. Qh2 f5 37. Re8+ Qxe8 38. Qxd6 Kf7 39. Qc7+ Qe7 40. d6 1-0

[Event "Sparkassen-Open B"]
[Site "Heusenstamm, Martinsee"]
[Date "2023.11.23"]
[Round "1.35"]
[White "Dietrich, Fabian"]
[Black "Plaumann, Finja"]
[Result "0-1"]
[WhiteElo "1413"]
[BlackElo "1260"]
[PlyCount "54"]
[EventDate "2023.??.??"]
[WhiteTeam "SK Marburg 1931/72"]
[BlackTeam "Sfr.Heidesheim"]

1. e4 e6 2. d4 d5 3. exd5 exd5 4. c4 c6 5. Nf3 Nf6 6. Nc3 Bb4 7. a3 Bxc3+ 8. bxc3 O-O 9. cxd5 Nxd5 10. c4 Re8+ 11. Be2 Nc3 12. Qd3 Nxe2 13. Be3 Nf4 14. Qc3 Nxg2+ 15. Kd2 Nxe3 16. fxe3 Nd7 17. Kc2 Nf6 18. Rhg1 Bf5+ 19. Kb2 Ne4 20. Qc2 Nd6 21. Qe2 b5 22. cxb5 cxb5 23. Ne5 f6 24. Qg2 g5 25. Nc6 Be4 26. Nxd8 Bxg2 27. Rxg2 Raxd8 0-1

[Event "Sparkassen-Open B"]
[Site "Heusenstamm, Martinsee"]
[Date "2023.11.23"]
[Round "1.36"]
[White "Wiencken, Marcus"]
[Black "Ziegler, Christopher"]
[Result "0-1"]
[WhiteElo "1232"]
[BlackElo "1524"]
[PlyCount "56"]
[EventDate "2023.??.??"]
[WhiteTeam "Schachforum Darmstadt 1994"]
[BlackTeam "SV 1920 Kelsterbach"]

1. e4 c5 2. Nf3 Nc6 3. Bc4 d6 4. O-O Nf6 5. d3 e6 6. Bg5 Be7 7. Nc3 Bd7 8. a3 h6 9. Be3 a6 10. Qb1 O-O 11. b4 b5 12. Ba2 cxb4 13. axb4 Qc7 14. Ne2 d5 15. c3 dxe4 16. dxe4 Ne5 17. Ned4 Nfg4 18. h3 Nxf3+ 19. Nxf3 Nxe3 20. fxe3 Qxc3 21. Re1 Qxb4 22. Qd3 Bc6 23. e5 Rfd8 24. Qc2 Rac8 25. Bb1 g6 26. Qf2 Bxf3 27. Qxf3 Qxe1+ 28. Kh2 Rc1 0-1

[Event "Sparkassen-Open B"]
[Site "Heusenstamm, Martinsee"]
[Date "2023.11.23"]
[Round "1.37"]
[White "Leichum, Engelbert"]
[Black "Hellmann, Alexander"]
[Result "1-0"]
[WhiteElo "1527"]
[BlackElo "1199"]
[PlyCount "31"]
[EventDate "2023.??.??"]
[WhiteTeam "Frankfurt/Main"]
[BlackTeam "SJ Herborn 1998"]

1. e4 e5 2. d4 exd4 3. c3 dxc3 4. Bc4 Bc5 5. Bxf7+ Kf8 6. Nf3 Nf6 7. e5 Qe7 8. O-O Qxf7 9. exf6 Qxf6 10. Nxc3 d6 11. Bg5 Qf7 12. Ne4 Bb6 13. Re1 Be6 14. Nxd6 Qd7 15. Qe2 Qxd6 16. Rad1 1-0

[Event "Sparkassen-Open B"]
[Site "Heusenstamm, Martinsee"]
[Date "2023.11.23"]
[Round "1.38"]
[White "Grimm, Benjamin"]
[Black "Friedel, Thomas"]
[Result "1-0"]
[WhiteElo "1198"]
[BlackElo "1498"]
[PlyCount "59"]
[EventDate "2023.??.??"]
[WhiteTeam "Godesberger SK 1929 e. V"]
[BlackTeam "SV 1946 Groß-Gerau"]

1. d4 d5 2. Nf3 Nf6 3. c3 Bf5 4. Qb3 b6 5. c4 dxc4 6. Qxc4 e6 7. g3 c5 8. Bg2 Nbd7 9. Nc3 Rc8 10. Bf4 cxd4 11. Qxd4 Bc5 12. Qa4 a5 13. Ne5 O-O 14. Nc6 Qe8 15. Na7 Bb4 16. Nxc8 Qxc8 17. O-O Nc5 18. Qc6 Qxc6 19. Bxc6 Rc8 20. Bg2 Bxc3 21. bxc3 Nfe4 22. Rab1 Nxc3 23. Rxb6 Nxe2+ 24. Kh1 Ne4 25. Bf3 N2c3 26. Kg2 Nd5 27. Rb7 Nxf4+ 28. gxf4 Nd2 29. Rc1 Rd8 30. Rd7 1-0

[Event "Sparkassen-Open B"]
[Site "Heusenstamm, Martinsee"]
[Date "2023.11.23"]
[Round "1.39"]
[White "Memmeler, Björn"]
[Black "Junkers, Günter"]
[Result "1-0"]
[WhiteElo "1519"]
[BlackElo "1192"]
[PlyCount "51"]
[EventDate "2023.??.??"]
[WhiteTeam "Schachfüchse Kempen 1986 e. V."]
[BlackTeam "SC Rödermark"]

1. Nf3 d5 2. c4 dxc4 3. Na3 Be6 4. Ng5 Nh6 5. Nxe6 fxe6 6. Qa4+ Qd7 7. Qxc4 Nf5 8. e3 Nd6 9. Qc2 Nc6 10. Be2 Nb4 11. Qd1 a6 12. O-O Qc6 13. Bf3 Ne4 14. d3 Rd8 15. Bxe4 Qd6 16. d4 e5 17. Nc4 Qe6 18. Qb3 exd4 19. Bf3 dxe3 20. Bxe3 Nd5 21. Rfe1 Nxe3 22. Rxe3 Qf6 23. Qxb7 Rd4 24. Ne5 Qb6 25. Bc6+ Kd8 26. Qa8+ 1-0

[Event "Sparkassen-Open B"]
[Site "Heusenstamm, Martinsee"]
[Date "2023.11.23"]
[Round "1.40"]
[White "Moissl, Julian"]
[Black "Fang, Borui"]
[Result "0-1"]
[WhiteElo "1188"]
[BlackElo "1515"]
[PlyCount "58"]
[EventDate "2023.??.??"]
[WhiteTeam "SJ Herborn 1998"]
[BlackTeam "SV Oberursel"]

1. d4 d5 2. c4 c6 3. Nc3 Nf6 4. Bf4 e6 5. e3 Nbd7 6. Bd3 Be7 7. Nf3 O-O 8. Qc2 dxc4 9. Bxc4 b5 10. Bd3 Bb7 11. O-O b4 12. Ne4 Nh5 13. Ng3 Nxf4 14. Bxh7+ Kh8 15. exf4 c5 16. Ne5 Nxe5 17. dxe5 Qe8 18. Bd3 g6 19. Ne4 Qc6 20. Qd2 Rad8 21. Qe3 Rxd3 22. Qxd3 Qxe4 23. Qxe4 Bxe4 24. Rfd1 Bc6 25. Rd3 Bd5 26. b3 Kg7 27. Rad1 Ra8 28. g3 a5 29. Rb1 Be4 0-1

[Event "Sparkassen-Open B"]
[Site "Heusenstamm, Martinsee"]
[Date "2023.11.23"]
[Round "1.41"]
[White "El-Lawindy, Asem"]
[Black "Niesel, Markus"]
[Result "0-1"]
[WhiteElo "1494"]
[BlackElo "1186"]
[PlyCount "90"]
[EventDate "2023.??.??"]
[WhiteTeam "VSG 1880 Offenbach"]
[BlackTeam "SV 1934 Ffm-Griesheim"]

1. d4 d5 2. Nf3 Bf5 3. e3 e6 4. Bd3 Qf6 5. O-O Bd6 6. Bxf5 Qxf5 7. Nbd2 Nf6 8. Re1 O-O 9. c3 Nc6 10. Qe2 Qg6 11. e4 Bf4 12. e5 Ng4 13. h3 Nh6 14. Nf1 Bxc1 15. Raxc1 a6 16. Ng3 f5 17. exf6 Rxf6 18. Ne5 Qe8 19. Nh5 Rf8 20. Nxc6 bxc6 21. Qxe6+ Kh8 22. Qxe8 Raxe8 23. Rxe8 Rxe8 24. Kf1 Rf8 25. Re1 Nf5 26. g4 Nd6 27. Re7 Ne4 28. Rxg7 Ng3+ 29. Ke1 Nxh5 30. Rxc7 Re8+ 31. Kd2 Nf4 32. Rxc6 Nxh3 33. Rxa6 Nxf2 34. a4 Nxg4 35. Rd6 Ne3 36. a5 Nc4+ 37. Kc2 Nxd6 38. b3 Ra8 39. b4 Nb5 40. Kb3 h5 41. c4 Nxd4+ 42. Kc3 Nf5 43. c5 Ne7 44. Kd4 Rb8 45. Ke5 Rxb4 0-1

[Event "Sparkassen-Open B"]
[Site "Heusenstamm, Martinsee"]
[Date "2023.11.23"]
[Round "1.42"]
[White "Stecay, Anja Christina"]
[Black "Plotnikow, Jewgeni"]
[Result "0-1"]
[WhiteElo "1182"]
[BlackElo "1507"]
[PlyCount "86"]
[EventDate "2023.??.??"]
[WhiteTeam "SF Neuberg"]
[BlackTeam "SK Gründau"]

1. e4 d5 2. exd5 Nf6 3. Nf3 Nxd5 4. d4 Bg4 5. h3 Bh5 6. g4 Bg6 7. Bd3 e6 8. Bd2 Bxd3 9. cxd3 Nc6 10. Nc3 Ndb4 11. Be3 g6 12. Qe2 Bg7 13. O-O-O Nxd4 14. Nxd4 Bxd4 15. Bxd4 Qxd4 16. Kb1 c6 17. Qe3 O-O-O 18. Rhe1 Rd7 19. Qxd4 Rxd4 20. Re3 Rhd8 21. g5 Rxd3 22. Rdxd3 Rxd3 23. Rxd3 Nxd3 24. f3 Nf4 25. h4 Ng2 26. Ne4 Nxh4 27. Nf6 Nxf3 28. Nxh7 Kd8 29. Kc2 Ke7 30. Kd3 Kd6 31. Ke4 Nd2+ 32. Kd3 Nf3 33. Ke4 Ne5 34. Nf6 Nd7 35. Ng4 b5 36. Ne3 f5+ 37. Kd4 c5+ 38. Kd3 Ke5 39. Ng2 c4+ 40. Ke3 b4 41. Nf4 Nf8 42. Ne2 Nh7 43. Nd4 f4+ 0-1

[Event "Sparkassen-Open B"]
[Site "Heusenstamm, Martinsee"]
[Date "2023.11.23"]
[Time "17:00:00"]
[Round "1.44"]
[PlyCount "137"]
[White "Chiokadze, Barbare"]
[Black "Manasek, Martin"]
[Result "1-0"]
[WhiteElo "1151"]
[BlackElo "1500"]
[WhiteTeam "Wachtang Qarseladze"]
[BlackTeam "SC Fl rsheim 1921"]

1. d4 d5 2. c4 c6 3. cxd5 cxd5 4. Bf4 Nf6 5. Nc3 e6 6. e3 Bd6 7. Bb5+ Nc6 8.
Bxd6 Qxd6 9. Nf3 O-O 10. O-O Ne7 11. Bd3 a6 12. e4 dxe4 13. Nxe4 Nxe4 14. Bxe4
Rb8 15. Ne5 Bd7 16. Nc4 Qc7 17. Rc1 b5 18. Ne5 Qd6 19. Bd3 Rfc8 20. Qh5 g6 21.
Qf3 f5 22. Qe3 Kg7 23. Nxd7 Qxd7 24. Qe5+ Kf7 25. h3 Nc6 26. Qe3 Qxd4 27. Qe2
Qd6 28. Rfd1 Qe7 29. a3 Na5 30. Qe3 Kg8 31. Qe5 Nc4 32. Bxc4 bxc4 33. Rd6 Kf7
34. Rxa6 Rb7 35. Re1 Rc5 36. Qe2 e5 37. Ra4 Rbc7 38. Rb4 e4 39. Qe3 c3 40. bxc3
Rxc3 41. Qh6 Kg8 42. Rb8+ Rc8 43. Rxc8+ Rxc8 44. Qe3 Ra8 45. Qb3+ Kg7 46. Qc3+
Qf6 47. Qxf6+ Kxf6 48. Ra1 Ke5 49. a4 Kd4 50. Kf1 Kc3 51. a5 Kb2 52. Ra4 Kb3
53. Ra1 Kb4 54. a6 Kb5 55. a7 Kb6 56. Ke2 f4 57. Ra4 f3+ 58. gxf3 exf3+ 59.
Kxf3 h6 60. Kg4 Rxa7 61. Rxa7 Kxa7 62. f4 Kb7 63. f5 gxf5+ 64. Kxf5 Kc7 65. Kg6
Kd7 66. Kxh6 Ke8 67. Kg7 Ke7 68. h4 Ke6 69. h5
1-0

[Event "Sparkassen-Open B"]
[Site "Heusenstamm, Martinsee"]
[Date "2023.11.23"]
[Round "1.45"]
[White "Niesel, Sebastian"]
[Black "Homfeldt, Maren"]
[Result "1-0"]
[WhiteElo "1355"]
[BlackElo "1076"]
[PlyCount "31"]
[EventDate "2023.??.??"]
[WhiteTeam "SV 1934 Ffm-Griesheim"]
[BlackTeam "SC Noris-Tarrasch Nürnberg 1873"]

1. e4 d6 2. d4 Nc6 3. Nc3 b6 4. Nf3 h6 5. Bf4 Bb7 6. Bb5 a6 7. Ba4 Qd7 8. d5 b5 9. dxc6 Bxc6 10. Bb3 b4 11. Ne2 Bxe4 12. Ng3 Qg4 13. Bd5 Qxf4 14. Bxe4 Rb8 15. Qd4 Nf6 16. Bc6+ 1-0

[Event "Sparkassen-Open B"]
[Site "Heusenstamm, Martinsee"]
[Date "2023.11.23"]
[Round "1.46"]
[White "Arne, Julius"]
[Black "Henzelmann, Matthias"]
[Result "0-1"]
[WhiteElo "1073"]
[BlackElo "1469"]
[PlyCount "88"]
[EventDate "2023.??.??"]
[WhiteTeam "SG Kaiserslautern 1905"]
[BlackTeam "SC Heuchelheim"]

1. e4 c5 2. Nf3 e6 3. d4 cxd4 4. Nxd4 Nf6 5. Nc3 Nc6 6. Bb5 a6 7. Bxc6 bxc6 8. Bg5 Be7 9. O-O h6 10. Bh4 Rb8 11. Rb1 Bb7 12. Bg3 Rc8 13. Re1 d5 14. exd5 cxd5 15. Qe2 Qd7 16. Qe3 Bc5 17. Be5 Ng4 18. Qg3 Nxe5 19. Qxe5 Bxd4 20. Qxd4 O-O 21. Re3 Rc4 22. Qe5 d4 23. Rd3 Qc6 24. Rg3 f6 25. Qf4 dxc3 26. Qxh6 Rf7 27. Rd1 Qc7 28. bxc3 Rxc3 29. Rxc3 Qxc3 30. Rd8+ Rf8 31. Rxf8+ Kxf8 32. Qh8+ Kf7 33. Qh5+ Ke7 34. Qd1 Qc6 35. f3 Qd5 36. Qe2 Qxa2 37. Qd2 Qa4 38. Qc3 Qc6 39. Qd3 Qc5+ 40. Kf1 Bd5 41. Qg6 Bc4+ 42. Ke1 Qe3+ 43. Kd1 Be2+ 44. Ke1 Bd3+ 0-1

[Event "Sparkassen-Open B"]
[Site "Heusenstamm, Martinsee"]
[Date "2023.11.23"]
[Round "1.47"]
[White "Fettig, Konrad"]
[Black "Culha, Merve"]
[Result "1-0"]
[WhiteElo "1496"]
[BlackElo "837"]
[PlyCount "45"]
[EventDate "2023.??.??"]
[WhiteTeam "SC ML Kastellaun"]
[BlackTeam "SC Heusenstamm"]

1. e4 e5 2. Nf3 Nc6 3. Bc4 Nf6 4. Ng5 d5 5. exd5 Nxd5 6. Nxf7 Kxf7 7. Qf3+ Ke8 8. Bxd5 Qe7 9. Bxc6+ Bd7 10. Bxd7+ Qxd7 11. O-O c6 12. Re1 Bd6 13. d4 Kd8 14. dxe5 Rf8 15. Bg5+ Kc8 16. Qh3 Rf5 17. e6 Bxh2+ 18. Kh1 Qd5 19. e7 Kd7 20. Nc3 Qc5 21. Rad1+ Bd6 22. Ne4 Qb6 23. Qxf5+ 1-0

[Event "Sparkassen-Open B"]
[Site "Heusenstamm, Martinsee"]
[Date "2023.11.24"]
[Round "2.1"]
[White "Huck, Robert"]
[Black "Ziegler, Christopher"]
[Result "1-0"]
[WhiteElo "1781"]
[BlackElo "1524"]
[PlyCount "61"]
[EventDate "2023.??.??"]
[WhiteTeam "SC Königsspringer Alzenau e.V"]
[BlackTeam "SV 1920 Kelsterbach"]

1. e4 c5 2. Nf3 Nc6 3. Bb5 e6 4. Bxc6 bxc6 5. d3 d5 6. O-O Be7 7. e5 f6 8. Qe2 Qc7 9. Bf4 Qb6 10. b3 fxe5 11. Nxe5 Nf6 12. Nd2 O-O 13. Bg3 Nd7 14. Ndf3 Bf6 15. Rae1 Nxe5 16. Nxe5 a5 17. a4 Ra7 18. h4 Bxe5 19. Bxe5 Raf7 20. h5 h6 21. Qg4 Qa7 22. Re3 Rf5 23. f4 Qf7 24. Bd6 Re8 25. Re5 Qa7 26. Qg6 c4+ 27. Kh1 Qd7 28. Rxf5 exf5 29. Be5 cxd3 30. cxd3 Qe6 31. Qxg7# 1-0

[Event "Sparkassen-Open B"]
[Site "Heusenstamm, Martinsee"]
[Date "2023.11.24"]
[Round "2.3"]
[White "Steinbrenner, Peter"]
[Black "Leichum, Engelbert"]
[Result "1-0"]
[WhiteElo "1718"]
[BlackElo "1527"]
[PlyCount "77"]
[EventDate "2023.??.??"]
[WhiteTeam "SG Kaiserslautern 1905"]
[BlackTeam "Frankfurt/Main"]

1. e4 e5 2. Nf3 Bc5 3. Nxe5 Nc6 4. Nf3 Nf6 5. d4 Bb6 6. e5 Qe7 7. Be2 Ne4 8. O-O d6 9. exd6 Qxd6 10. Nc3 Nxc3 11. bxc3 Ne7 12. a4 a5 13. Ba3 Qf6 14. Bb5+ c6 15. Re1 Be6 16. Bc4 O-O 17. Bxe6 fxe6 18. Qe2 Rfe8 19. Qxe6+ Qxe6 20. Rxe6 Nd5 21. Rxe8+ Rxe8 22. Rb1 Bd8 23. c4 Nb4 24. Bxb4 axb4 25. Rxb4 Re2 26. Rxb7 Rxc2 27. g3 Bf6 28. c5 Rc3 29. Kg2 g5 30. h3 h5 31. g4 h4 32. Rc7 Rc4 33. Rxc6 Kg7 34. d5 Rxa4 35. d6 Kf7 36. d7 Bd8 37. Ne5+ Ke7 38. Rd6 Bc7 39. Nc6+ 1-0

[Event "Sparkassen-Open B"]
[Site "Heusenstamm, Martinsee"]
[Date "2023.11.24"]
[Round "2.4"]
[White "Plotnikow, Jewgeni"]
[Black "Michalski, Uwe"]
[Result "1/2-1/2"]
[WhiteElo "1507"]
[BlackElo "1677"]
[PlyCount "84"]
[EventDate "2023.??.??"]
[WhiteTeam "SK Gründau"]
[BlackTeam "Sfr.Mainz 1928"]

1. c4 e5 2. Nc3 Nc6 3. e3 Bc5 4. Nf3 d6 5. d4 exd4 6. exd4 Qe7+ 7. Be3 Bb4 8. Be2 Nf6 9. O-O Bxc3 10. bxc3 Ne4 11. Qc2 O-O 12. Bd3 f5 13. Rae1 h6 14. Bxe4 fxe4 15. Nd2 Bf5 16. Qb3 Na5 17. Qb5 b6 18. Qd5+ Kh8 19. Bf4 g5 20. Bg3 Rad8 21. Nxe4 Qd7 22. Qb5 c6 23. Qa4 Nxc4 24. Qxc4 d5 25. Qb4 dxe4 26. f3 e3 27. Rxe3 Rde8 28. Rxe8 Qxe8 29. Be5+ Kh7 30. Qd6 Be6 31. Qc7+ Qd7 32. Qxd7+ Bxd7 33. Kf2 Kg6 34. Ke3 h5 35. c4 a6 36. Kd3 b5 37. cxb5 axb5 38. Kc3 Be6 39. a3 Bd5 40. Kd3 g4 41. Ke3 gxf3 42. gxf3 Kf5 1/2-1/2

[Event "Sparkassen-Open B"]
[Site "Heusenstamm, Martinsee"]
[Date "2023.11.24"]
[Round "2.5"]
[White "Himmelspacht, Maxim"]
[Black "Memmeler, Björn"]
[Result "1-0"]
[WhiteElo "1574"]
[BlackElo "1519"]
[PlyCount "79"]
[EventDate "2023.??.??"]
[WhiteTeam "SK 1858 Gießen"]
[BlackTeam "Schachfüchse Kempen 1986 e. V."]

1. e4 c5 2. Nf3 Nc6 3. d4 cxd4 4. Nxd4 e5 5. Nf3 Nf6 6. Bd3 Bc5 7. c4 O-O 8. O-O d6 9. h3 h6 10. Nc3 a6 11. Qe2 Nd4 12. Nxd4 Bxd4 13. Qc2 Bd7 14. a4 Bc6 15. Ne2 Bc5 16. Ng3 Bd7 17. b3 Bd4 18. Bb2 Bc5 19. Rfd1 Qe7 20. Ba3 Rac8 21. Bb2 Bb4 22. Qe2 Be6 23. Nf5 Bxf5 24. exf5 Rfe8 25. Be4 Nxe4 26. Qxe4 Qc7 27. Ba3 Bxa3 28. Rxa3 Qc5 29. Ra2 Qb4 30. Rd3 Rc6 31. Rg3 f6 32. Qd5+ Kf8 33. Rd2 Qc5 34. Qxc5 dxc5 35. Rd7 Re7 36. Rxe7 Kxe7 37. Rxg7+ Kf8 38. Rxb7 Rd6 39. Kf1 Rd2 40. Rb6 1-0

[Event "Sparkassen-Open B"]
[Site "Heusenstamm, Martinsee"]
[Date "2023.11.24"]
[Round "2.6"]
[White "Haftmann, Rainer"]
[Black "Liu, Jonas"]
[Result "1-0"]
[WhiteElo "1698"]
[BlackElo "1492"]
[PlyCount "57"]
[EventDate "2023.??.??"]
[WhiteTeam "SAbt SG 1945 Dietzenbach"]
[BlackTeam "SV Oberursel"]

1. e4 c5 2. Nf3 d6 3. d4 cxd4 4. Nxd4 Nf6 5. Nc3 g6 6. Bb5+ Bd7 7. Bxd7+ Nbxd7 8. O-O Bg7 9. Be3 O-O 10. f4 Qb6 11. Rb1 Bh8 12. Nf5 Qd8 13. Nh6+ Kg7 14. f5 Ne5 15. h3 Ng8 16. Nxg8 Kxg8 17. Nd5 e6 18. fxe6 fxe6 19. Rxf8+ Qxf8 20. Nc7 Rc8 21. Nxe6 Qf7 22. Ng5 Qxa2 23. b3 Rxc2 24. Qd5+ Kg7 25. Ne6+ Kf6 26. Rf1+ Ke7 27. Bg5+ Kd7 28. Qxb7+ Ke8 29. Qe7# 1-0

[Event "Sparkassen-Open B"]
[Site "Heusenstamm, Martinsee"]
[Date "2023.11.24"]
[Round "2.7"]
[White "Ahrens, Gunnar"]
[Black "Niesel, Sebastian"]
[Result "0-1"]
[WhiteElo "1661"]
[BlackElo "1355"]
[PlyCount "40"]
[EventDate "2023.??.??"]
[WhiteTeam "Delmenhorster SK V 1931"]
[BlackTeam "SV 1934 Ffm-Griesheim"]

1. f4 d5 2. Nf3 Bf5 3. e3 Nf6 4. b3 e6 5. Bb2 Bd6 6. Be2 O-O 7. O-O Re8 8. Nh4 Bg6 9. Nxg6 fxg6 10. g4 e5 11. g5 Nfd7 12. h4 exf4 13. exf4 Rf8 14. d4 Rxf4 15. Rxf4 Bxf4 16. c4 Qe7 17. Nc3 Qe3+ 18. Kg2 Qg3+ 19. Kf1 Be3 20. Qe1 Qg1# 0-1

[Event "Sparkassen-Open B"]
[Site "Heusenstamm, Martinsee"]
[Date "2023.11.24"]
[Round "2.8"]
[White "Henzelmann, Matthias"]
[Black "Lasschuit, Rene"]
[Result "1/2-1/2"]
[WhiteElo "1469"]
[BlackElo "1614"]
[PlyCount "41"]
[EventDate "2023.??.??"]
[WhiteTeam "SC Heuchelheim"]
[BlackTeam "SV Berolina Mitte e.V."]

1. d4 Nf6 2. c4 c5 3. e3 cxd4 4. exd4 d5 5. Nf3 g6 6. Nc3 Bg7 7. Be3 O-O 8. h3 Nc6 9. a3 Be6 10. c5 Ne4 11. Qc2 Qa5 12. Bd2 Qc7 13. Nxe4 dxe4 14. Qxe4 Bd5 15. Qxd5 Rad8 16. Qb3 Nxd4 17. Nxd4 Bxd4 18. Qc2 Qe5+ 19. Be2 Rc8 20. Bc3 Qxc5 21. f3 1/2-1/2